|
|
|
|
| LEADER |
00000nam2a2200000 4500 |
| 001 |
45057 |
| 005 |
20231101210927.0 |
| 035 |
|
|
|a (RuTPU)RU\TPU\book\46807
|
| 035 |
|
|
|a RU\TPU\book\33189
|
| 090 |
|
|
|a 45057
|
| 100 |
|
|
|a 20021128d1968 km y0rusy50 ca
|
| 101 |
0 |
|
|a rus
|
| 102 |
|
|
|a RU
|
| 105 |
|
|
|a a g 001zy
|
| 200 |
0 |
|
|a Дополнительный том : Номенклатура органических соединений. Техника безопасности. Сводный предметный указатель
|
| 210 |
|
|
|d 1968
|
| 215 |
|
|
|a 507 с.
|
| 320 |
|
|
|a Сводный предм. указ.: с. 482-507
|
| 461 |
|
1 |
|0 (RuTPU)RU\TPU\book\46614
|t Справочник химика
|f под ред. Б. П. Никольского
|v Дополнительный том : Номенклатура органических соединений. Техника безопасности. Сводный предметный указатель
|e 2-е изд., перераб. и доп.
|d 1963-1968
|
| 606 |
1 |
|
|a Химия
|2 stltpush
|3 (RuTPU)RU\TPU\subj\17362
|9 43035
|
| 610 |
1 |
|
|a органические соединения
|
| 610 |
1 |
|
|a техника безопасности
|
| 610 |
1 |
|
|a предметный указатель
|
| 610 |
1 |
|
|a справочники
|
| 675 |
|
|
|a 54(035)
|v 3
|
| 801 |
|
0 |
|a RU
|b 63413507
|c 20011210
|g PSBO
|
| 801 |
|
2 |
|a RU
|b 63413507
|c 20210125
|g PSBO
|
| 942 |
|
|
|c BK
|